Metal ions in biological systems. V 6. Biological action of metal ions (Record no. 24452)

MARC details
000 -LEADER
fixed length control field 00419nam a2200145Ia 4500
082 ## - DEWEY DECIMAL CLASSIFICATION NUMBER
Classification number 574:541.132
Item number SIG.6
245 #0 - TITLE STATEMENT
Title Metal ions in biological systems. V 6. Biological action of metal ions
260 ## - PUBLICATION, DISTRIBUTION, ETC. (IMPRINT)
Place of publication New York
Name of publisher Marcel Dekker
Year of publication 1976
650 ## - SUBJECT ADDED ENTRY--TOPICAL TERM
Topical Term Biological system
650 ## - SUBJECT ADDED ENTRY--TOPICAL TERM
Topical Term Metal ion
650 ## - SUBJECT ADDED ENTRY--TOPICAL TERM
Topical Term Nitrogen fixation
700 ## - ADDED ENTRY--PERSONAL NAME
Personal name SIGEL, Helmut
942 ## - ADDED ENTRY ELEMENTS (KOHA)
Koha item type Books
Holdings
Withdrawn status Lost status Damaged status Not for loan Home library Current library Date acquired Full call number Accession Number Koha item type
        RRII Library RRII Library 16/12/2021 574:541.132 SIG.6 05134 Books